000 00510nam a22001817a 4500
003 CEME
005 20210628210733.0
008 210212b xxu||||| |||| 00| 0 eng d
020 _a0-19-509158-2
040 _c.
082 _a530.141 KAK
100 _aKaku, Michio
_914113
245 _aQuantum field theory a modern introduction
260 _aNEW YORK
_bOXFORD UNIVERSITY PRESS
_c1993
300 _aXIX,783P
650 _aQUANTUM FIELD THEORY GAUGE FIELDS-PHYSICS FIELD THEORY
_980779
942 _cBK
_2ddc
999 _c585659
_d585659